[Alcalá de Henares (Record no. 85824)

MARC details
000 -LEADER
campo de control de longitud fija 02070nkc a22002897a 4500
001 - NÚMERO DE CONTROL
campo de control 85824
005 - FECHA Y HORA DE LA ÚLTIMA TRANSACCIÓN
campo de control 20260429094055.0
007 - CAMPO FIJO DE DESCRIPCIÓN FÍSICA--INFORMACIÓN GENERAL
campo de control de longitud fija kh boc
008 - DATOS DE LONGITUD FIJA--INFORMACIÓN GENERAL
campo de control de longitud fija 260421s1893 sp ||||| |||| |0| i|spa d
040 ## - FUENTE DE CATALOGACIÓN
Centro catalogador/agencia de origen M-RABA
Lengua de catalogación spa
Centro/agencia transcriptor M-RABA
245 01 - MENCIÓN DEL TÍTULO
Título [Alcalá de Henares
Resto del título : monumentos]
Medio [Material gráfico]
260 ## - PUBLICACIÓN, DISTRIBUCIÓN, ETC.
Fecha de publicación, distribución, etc. 1893
300 ## - DESCRIPCIÓN FÍSICA
Extensión 3 fotografías
Otras características físicas : aristotipo
Dimensiones ; imagen 11 x 8 cm
-- ; soporte secundario 19 x 16 cm
500 00 - NOTA GENERAL
Nota general Conjunto de 3 fotografías que muestran diferentes vistas y monumentos de Alcalá de Henares.
500 00 - NOTA GENERAL
Nota general Nota manuscrita a tinta en el verso del soporte secundario que indica ubicación y fecha: Fot-709: "Alcalá de Henares. Puerta de la Colegiada. 2 Julio 1893" -- Fot-710: "Alcalá de Henares. Fachada pral. de la Universidad. 2 Julio 1893" -- Fot-711: "Alcalá de Henares. Fachada pral. de la Universidad. 2 Julio 1893".
610 27 - PUNTO DE ACCESO ADICIONAL DE MATERIA--NOMBRE DE ENTIDAD CORPORATIVA
Nombre de entidad corporativa o nombre de jurisdicción como elemento de entrada Universidad de Alcalá de Henares
Fuente del encabezamiento o término embne
9 (RLIN) 4203
651 #7 - PUNTO DE ACCESO ADICIONAL DE MATERIA--NOMBRE GEOGRÁFICO
Nombre geográfico Alcalá de Henares (Madrid, España)
9 (RLIN) 4705
655 #0 - TERMINO DE INDIZACIÓN--GENERO/FORMA
Datos o término principal de género/forma Fotografías de monumentos
9 (RLIN) 111580
852 ## - LOCALIZACIÓN
Número de control de estantería Fot-709; Fot-710; Fot-711
856 ## - LOCALIZACIÓN Y ACCESO ELECTRÓNICOS
Identificador Uniforme de Recurso <a href="https://archivoybiblioteca.realacademiabellasartessanfernando.com/cgi-bin/koha/opac-retrieve-file.pl?id=7d36f4a899a46b2d6fd78777d94fc0a8">https://archivoybiblioteca.realacademiabellasartessanfernando.com/cgi-bin/koha/opac-retrieve-file.pl?id=7d36f4a899a46b2d6fd78777d94fc0a8</a>
Texto de enlace Fot-709r
856 ## - LOCALIZACIÓN Y ACCESO ELECTRÓNICOS
Identificador Uniforme de Recurso <a href="https://archivoybiblioteca.realacademiabellasartessanfernando.com/cgi-bin/koha/opac-retrieve-file.pl?id=0fb2aff42fe3ee6c1a593fc8520f2975">https://archivoybiblioteca.realacademiabellasartessanfernando.com/cgi-bin/koha/opac-retrieve-file.pl?id=0fb2aff42fe3ee6c1a593fc8520f2975</a>
Texto de enlace Fot-709v
856 ## - LOCALIZACIÓN Y ACCESO ELECTRÓNICOS
Identificador Uniforme de Recurso <a href="https://archivoybiblioteca.realacademiabellasartessanfernando.com/cgi-bin/koha/opac-retrieve-file.pl?id=8b1973009b7e364c81b15b2bee3ae14b">https://archivoybiblioteca.realacademiabellasartessanfernando.com/cgi-bin/koha/opac-retrieve-file.pl?id=8b1973009b7e364c81b15b2bee3ae14b</a>
Texto de enlace Fot-710r
856 ## - LOCALIZACIÓN Y ACCESO ELECTRÓNICOS
Identificador Uniforme de Recurso <a href="https://archivoybiblioteca.realacademiabellasartessanfernando.com/cgi-bin/koha/opac-retrieve-file.pl?id=1be67e776f5c0fa6fcd0c4f1b7732f5c">https://archivoybiblioteca.realacademiabellasartessanfernando.com/cgi-bin/koha/opac-retrieve-file.pl?id=1be67e776f5c0fa6fcd0c4f1b7732f5c</a>
Texto de enlace Fot-710v
856 ## - LOCALIZACIÓN Y ACCESO ELECTRÓNICOS
Identificador Uniforme de Recurso <a href="https://archivoybiblioteca.realacademiabellasartessanfernando.com/cgi-bin/koha/opac-retrieve-file.pl?id=f294e31982cd56ba1fe49a3974899c93">https://archivoybiblioteca.realacademiabellasartessanfernando.com/cgi-bin/koha/opac-retrieve-file.pl?id=f294e31982cd56ba1fe49a3974899c93</a>
Texto de enlace Fot-711r
856 ## - LOCALIZACIÓN Y ACCESO ELECTRÓNICOS
Identificador Uniforme de Recurso <a href="https://archivoybiblioteca.realacademiabellasartessanfernando.com/cgi-bin/koha/opac-retrieve-file.pl?id=e0b398b38861111036a2a003b9d4b04a">https://archivoybiblioteca.realacademiabellasartessanfernando.com/cgi-bin/koha/opac-retrieve-file.pl?id=e0b398b38861111036a2a003b9d4b04a</a>
Texto de enlace Fot-711v
942 ## - ELEMENTOS DE ENTRADA SECUNDARIOS (KOHA)
Tipo de ítem Koha Fotografías
Suprimir en OPAC No
Holdings
Estatus retirado Estado de pérdida Fuente de la clasificación o esquema de estantería Estado de daño No para préstamo Colección Biblioteca de origen Biblioteca actual Ubicación en estantería Fecha de adquisición Total de préstamos Signatura topográfica completa Código de barras Visto por última vez Precio de reemplazo Tipo de ítem Koha
    Clasificación Decimal Dewey     Fotografía Real Academia de la Bellas Artes de San Fernando Real Academia de la Bellas Artes de San Fernando Depósito 2 21/04/2026   Fot-709 1097029 21/04/2026 21/04/2026 Fotografías
    Clasificación Decimal Dewey     Fotografía Real Academia de la Bellas Artes de San Fernando Real Academia de la Bellas Artes de San Fernando Depósito 2 21/04/2026   Fot-710 1097030 21/04/2026 21/04/2026 Fotografías
    Clasificación Decimal Dewey     Fotografía Real Academia de la Bellas Artes de San Fernando Real Academia de la Bellas Artes de San Fernando Depósito 2 21/04/2026   Fot-711 1097031 21/04/2026 21/04/2026 Fotografías

Powered by Koha